01022nam a2200169Ia 4500952009600000999001700096008004100113020001500154050001500169245005300184260003300237300004400270505045900314519004300773650002400816942001200840 00102lcc4070a22b22d2022-09-13l0oAG65 E54p16 001629r2022-09-13t1w2022-09-13yLB c69383d69383120626s1994 sp a 000 0 spa d a8479052775 aAG65 bE54 aEnciclopedia del estudiante: Cuerpo humano c/  aEspaña b: Fobisa c, 1994 a259 páginas b: ilustraciones a color aI. Constitución general del cuerpo humano II. Los tejidos III. Órganos, aparatos y sus funciones IV. Sistema esquelético V. Sistema muscular VI. Aparato digestivo VII. Aparato respiratorio VIII. Aparato circulatorio sanguíneo IX. Aparato excretor X. Sistema endocrino XI. El metabolismo XII. Sistema nervioso XIII. Sistema sensorial XIV. Aparato reproductor XV. Educación sexual XVI. Valores normales fisiológicos  aMaterial comlementario / d(16 001629) 0aFISIOLOGÍA HUMANA cLB2lcc